E-commerce : (رقم التسجيلة. 38400)

تفاصيل مارك
000 -الفاتح
حقل البيانات ثابتة الطول 01035cam a22003015i 4500
001 - رقم الضبط
رقم الضبط 18641336
003 - محدد رقم الضبط
رقم الضبط OSt
005 - وقت وتاريخ اخر تعامل مع التسجيلة
رقم الضبط 20151012203913.0
008 - عناصر البيانات ثابتة الطول - معلومات عامة
حقل البيانات ثابتة الطول 150603s2015 maua b 001 0 eng
010 ## - رقم ضبط مكتبة الكونجرس
رقم ضبط مكتبة الكونجرس 2015413038
020 ## - الرقم الدولى المعيارى للكتب
الرقم الدولى المعيارى للكتاب 9781292076317
040 ## - مصدر الفهرسة
وكالة الفهرسة الأصلية DLC
وكالة النسخ DLC
042 ## - رمز التحقق
رمز التحقق pcc
082 ## - رقم تصنيف ديوى العشرى
رقم الطبعة 22
رقم التصنيف 381.142
رقم المادة LKE
100 1# - المدخل الرئيسى - إسم شخصى
الإسم الشخصى Laudon, Kenneth C.,
التواريخ المصاحبة للاسم 1944-
الدور author.
9 (RLIN) 52157
245 10 - بيان العنوان
العنوان E-commerce :
بقية العنوان business, technology, society /
بيان المسئوليه,etc Kenneth C. Laudon, New York University, Carol Guercio Traver, Azimuth Interactive, Inc.
246 14 - العنوان الموازى
عنوان صحيح/عنوان مختصر E-commerce 2015
250 ## - بيان الطبعة
بيان الطبعة Eleventh edition.
300 ## - الوصف المادى
التعداد xli, 803, I-59, C-1 pages :
تفاصيل ماديه اخرى للوعاء illustrations ;
أبعاد الوعاء 26 cm
504 ## - تبصرة ببليوجرافية
تبصرة ببليوجرافية,الخ Includes bibliographical references and index.
650 #0 - المدخل الاضافى بالموضوع-مصطلح موضوعى
مصطلح موضوعي أو اسم جغرافي كعنصر مدخل Electronic commerce.
9 (RLIN) 52158
650 #0 - المدخل الاضافى بالموضوع-مصطلح موضوعى
مصطلح موضوعي أو اسم جغرافي كعنصر مدخل Internet marketing.
9 (RLIN) 52159
650 #0 - المدخل الاضافى بالموضوع-مصطلح موضوعى
مصطلح موضوعي أو اسم جغرافي كعنصر مدخل Information technology.
9 (RLIN) 52160
700 1# - المدخل الاضافى - اسم شخصى
الإسم الشخصى Traver, Carol Guercio,
الدور author.
9 (RLIN) 46089
906 ## - عنصر بيانات محلى F, LDF (RLIN)
a 0
b ibc
c origres
d 3
e ncip
f 20
g y-gencatlg
942 ## - عناصر المدخل الإضافي( كوها)
مصدر التصنيف او مخطط الترفيف Dewey Decimal Classification
Koha [default] item type كتاب
المقتنيات
حالة الفقد نموذج السعر الفعال حالة تلف ليس للاعارة رقم الطلب تاريخ الاكتساب الموقع الحالي الباركود الفرع الرئيسي Date last seen نوع المادة فى نظام كوها مصدر التصنيف او خطة الترفيف Total Checkouts
  2015-10-12     381.142 LKE 2015-10-12 المكتبة المركزية بالمجمعة (CL) 00654090 المكتبة المركزية بالمجمعة (CL) 2015-10-12 كتاب Dewey Decimal Classification  
  2015-10-12     381.142 LKE 2015-10-12 المكتبة المركزية بالمجمعة (CL) 00654091 المكتبة المركزية بالمجمعة (CL) 2015-10-12 كتاب Dewey Decimal Classification  
  2015-10-12     381.142 LKE 2015-10-12 المكتبة المركزية بالمجمعة (CL) 00654092 المكتبة المركزية بالمجمعة (CL) 2015-10-12 كتاب Dewey Decimal Classification